000 00785cam a2200169 i 4500
005 20251120110121.0
008 250721q9999 su gr 000 0 ara d
082 1 4 _a210.913343
_bش م ر
100 1 _aالشمراني، صالح بن عبد الله بن زيد
_eمؤلف.
245 1 2 _aالإيضاح والبيان لعلاج العين والسحر ومس الجان /
_cتأليف الفقير إلى مغفرة ربه صالح بن عبد الله بن زيد الشمراني ؛ قرظ له فضيلة الشخ حسين بن محمد بن علي حكمي.
264 3 1 _aالقاهرة :
_bمكتبة التابعين،
_c[بين 1990 و1999].
300 _a96 صفحة.
650 1 7 _aالإسلام.
650 1 7 _aالسحر.
942 _2ddc
_cBK
999 _c3934
_d3934